<?xml version="1.0" encoding="UTF-8"?>
<record
    xmlns:xsi="http://www.w3.org/2001/XMLSchema-instance"
    xsi:schemaLocation="http://www.loc.gov/MARC21/slim http://www.loc.gov/standards/marcxml/schema/MARC21slim.xsd"
    xmlns="http://www.loc.gov/MARC21/slim">

  <leader>01727cam a2200469 i 4500</leader>
  <controlfield tag="001">zz2005924339</controlfield>
  <controlfield tag="003">NUKAT</controlfield>
  <controlfield tag="005">20260429231643.0</controlfield>
  <controlfield tag="008">050715s1924    pl a   g     |001 0bpol c</controlfield>
  <datafield tag="035" ind1=" " ind2=" ">
    <subfield code="a">(OCoLC)69480382</subfield>
  </datafield>
  <datafield tag="035" ind1=" " ind2=" ">
    <subfield code="a">(NUKAT)zz2005924339</subfield>
  </datafield>
  <datafield tag="040" ind1=" " ind2=" ">
    <subfield code="a">LUBL M/mm</subfield>
    <subfield code="c">LUBL M/mm</subfield>
    <subfield code="d">LUBL M/JD</subfield>
    <subfield code="d">LUBL U/ILs</subfield>
  </datafield>
  <datafield tag="045" ind1="2" ind2=" ">
    <subfield code="b">d1861</subfield>
    <subfield code="b">d1863</subfield>
  </datafield>
  <datafield tag="046" ind1=" " ind2=" ">
    <subfield code="k">1924</subfield>
  </datafield>
  <datafield tag="100" ind1="1" ind2=" ">
    <subfield code="a">Mieros&#x142;awski, Ludwik</subfield>
    <subfield code="d">(1814-1878).</subfield>
    <subfield code="9">12502</subfield>
  </datafield>
  <datafield tag="245" ind1="1" ind2="0">
    <subfield code="a">Pami&#x119;tnik Mieros&#x142;awskiego (1861-1863) /</subfield>
    <subfield code="c">wyda&#x142; J&#xF3;zef Frejlich.</subfield>
  </datafield>
  <datafield tag="260" ind1=" " ind2=" ">
    <subfield code="a">Warszawa :</subfield>
    <subfield code="b">Instytut Wydawniczy "Bibljoteka Polska",</subfield>
    <subfield code="c">1924 (Bydgoszcz :</subfield>
    <subfield code="f">Zak&#x142;ady Graficzne Instytutu Wydawniczego "Bibljoteka Polska").</subfield>
  </datafield>
  <datafield tag="300" ind1=" " ind2=" ">
    <subfield code="a">[4], V, [1], 214, [1] s., [1] k. tabl. :</subfield>
    <subfield code="b">il. ;</subfield>
    <subfield code="c">23 cm.</subfield>
  </datafield>
  <datafield tag="336" ind1=" " ind2=" ">
    <subfield code="a">Tekst</subfield>
    <subfield code="b">txt</subfield>
    <subfield code="2">rdacontent</subfield>
  </datafield>
  <datafield tag="337" ind1=" " ind2=" ">
    <subfield code="a">Bez urz&#x105;dzenia po&#x15B;rednicz&#x105;cego</subfield>
    <subfield code="b">n</subfield>
    <subfield code="2">rdamedia</subfield>
  </datafield>
  <datafield tag="338" ind1=" " ind2=" ">
    <subfield code="a">Wolumin</subfield>
    <subfield code="b">nc</subfield>
    <subfield code="2">rdacarrier</subfield>
  </datafield>
  <datafield tag="380" ind1=" " ind2=" ">
    <subfield code="a">Ksi&#x105;&#x17C;ki</subfield>
  </datafield>
  <datafield tag="380" ind1=" " ind2=" ">
    <subfield code="a">Literatura faktu, eseje, publicystyka</subfield>
  </datafield>
  <datafield tag="386" ind1=" " ind2=" ">
    <subfield code="m">Przynale&#x17C;no&#x15B;&#x107; kulturowa</subfield>
    <subfield code="a">Literatura polska</subfield>
  </datafield>
  <datafield tag="388" ind1="1" ind2=" ">
    <subfield code="a">1901-2000</subfield>
  </datafield>
  <datafield tag="388" ind1="1" ind2=" ">
    <subfield code="a">1918-1939</subfield>
  </datafield>
  <datafield tag="490" ind1="1" ind2=" ">
    <subfield code="a">Czasy i Ludzie</subfield>
  </datafield>
  <datafield tag="504" ind1=" " ind2=" ">
    <subfield code="a">Indeks.</subfield>
  </datafield>
  <datafield tag="600" ind1="1" ind2="7">
    <subfield code="a">Mieros&#x142;awski, Ludwik</subfield>
    <subfield code="d">(1814-1878)</subfield>
    <subfield code="2">DBN</subfield>
    <subfield code="9">38692</subfield>
  </datafield>
  <datafield tag="600" ind1="1" ind2="7">
    <subfield code="a">Mieros&#x142;awski, Ludwik</subfield>
    <subfield code="d">(1814-1878)</subfield>
    <subfield code="v">pami&#x119;tniki.</subfield>
    <subfield code="2">kaba</subfield>
    <subfield code="9">40957</subfield>
  </datafield>
  <datafield tag="648" ind1=" " ind2="7">
    <subfield code="a">1801-1900</subfield>
    <subfield code="2">DBN</subfield>
    <subfield code="9">36037</subfield>
  </datafield>
  <datafield tag="650" ind1=" " ind2="7">
    <subfield code="a">Dow&#xF3;dcy</subfield>
    <subfield code="2">DBN</subfield>
    <subfield code="9">39509</subfield>
  </datafield>
  <datafield tag="650" ind1=" " ind2="7">
    <subfield code="a">Politycy</subfield>
    <subfield code="2">DBN</subfield>
    <subfield code="9">36070</subfield>
  </datafield>
  <datafield tag="650" ind1=" " ind2="7">
    <subfield code="a">Powstanie styczniowe (1863-1864)</subfield>
    <subfield code="2">DBN</subfield>
    <subfield code="9">35768</subfield>
  </datafield>
  <datafield tag="650" ind1=" " ind2="7">
    <subfield code="a">Wojsko</subfield>
    <subfield code="2">DBN</subfield>
    <subfield code="9">35355</subfield>
  </datafield>
  <datafield tag="655" ind1=" " ind2="7">
    <subfield code="a">Pami&#x119;tniki i wspomnienia</subfield>
    <subfield code="2">DBN</subfield>
    <subfield code="9">35005</subfield>
  </datafield>
  <datafield tag="658" ind1=" " ind2=" ">
    <subfield code="a">Bezpiecze&#x144;stwo i wojskowo&#x15B;&#x107;</subfield>
  </datafield>
  <datafield tag="658" ind1=" " ind2=" ">
    <subfield code="a">Historia</subfield>
  </datafield>
  <datafield tag="700" ind1="1" ind2=" ">
    <subfield code="a">Frejlich, J&#xF3;zef</subfield>
    <subfield code="d">(1884-1976).</subfield>
    <subfield code="e">Wyd.</subfield>
    <subfield code="9">40406</subfield>
  </datafield>
  <datafield tag="830" ind1=" " ind2="0">
    <subfield code="a">Czasy i Ludzie (Warszawa)</subfield>
    <subfield code="9">15093</subfield>
  </datafield>
  <datafield tag="942" ind1=" " ind2=" ">
    <subfield code="2">ddc</subfield>
    <subfield code="c">BK_NM</subfield>
  </datafield>
  <datafield tag="999" ind1=" " ind2=" ">
    <subfield code="c">27889</subfield>
    <subfield code="d">27889</subfield>
  </datafield>
  <datafield tag="952" ind1=" " ind2=" ">
    <subfield code="0">0</subfield>
    <subfield code="1">0</subfield>
    <subfield code="2">ddc</subfield>
    <subfield code="4">0</subfield>
    <subfield code="7">0</subfield>
    <subfield code="8">PBKH</subfield>
    <subfield code="a">BIP</subfield>
    <subfield code="b">PBKH</subfield>
    <subfield code="d">2026-04-29</subfield>
    <subfield code="e">K-66/1965</subfield>
    <subfield code="f">K</subfield>
    <subfield code="i">16378</subfield>
    <subfield code="l">0</subfield>
    <subfield code="o">16378</subfield>
    <subfield code="p">IPWK16707</subfield>
    <subfield code="r">2026-04-29 23:18:50</subfield>
    <subfield code="w">2026-04-29</subfield>
    <subfield code="y">BK_NM</subfield>
  </datafield>
</record>
